Tools of the bull : (Record no. 143748)

MARC details
000 -LEADER
fixed length control field 00677nam a2200241 i 4500
001 - CONTROL NUMBER
control field C2-0222496
003 - CONTROL NUMBER IDENTIFIER
control field PPAK
005 - DATE AND TIME OF LATEST TRANSACTION
control field 20180728151610.0
008 - FIXED-LENGTH DATA ELEMENTS--GENERAL INFORMATION
fixed length control field 000104s1995 my |||| ||||| | eng d
020 ## - INTERNATIONAL STANDARD BOOK NUMBER
International Standard Book Number 9679785246
040 ## - CATALOGING SOURCE
Original cataloging agency PPAK
Language of cataloging eng
Transcribing agency PPAK
Description conventions rda
082 04 - DEWEY DECIMAL CLASSIFICATION NUMBER
Classification number 332.6
Edition number 23
090 00 - LOCALLY ASSIGNED LC-TYPE CALL NUMBER (OCLC); LOCAL CALL NUMBER (RLIN)
Classification number (OCLC) (R) ; Classification number, CALL (RLIN) (NR) 332.6
Feature heading CAE
Feature heading G
100 1# - MAIN ENTRY--PERSONAL NAME
Personal name Caes, Charles J.,
Relator term author
245 10 - TITLE STATEMENT
Title Tools of the bull :
Remainder of title how to make big money in bull markets
264 #1 - PRODUCTION, PUBLICATION, DISTRIBUTION, MANUFACTURE, AND COPYRIGHT NOTICE
Place of production, publication, distribution, manufacture Petaling Jaya, Selangor :
Name of producer, publisher, distributor, manufacturer Pelanduk ,
Date of production, publication, distribution, manufacture, or copyright notice 1995
300 ## - PHYSICAL DESCRIPTION
Extent viii, 268 pages ;
Dimensions 21 cm
336 ## - CONTENT TYPE
Source rdacontent
Content type term text
337 ## - MEDIA TYPE
Source rdamedia
Media type term unmediated
338 ## - CARRIER TYPE
Source rdacarrier
Carrier type term volume
650 10 - SUBJECT ADDED ENTRY--TOPICAL TERM
Topical term or geographic name entry element Investments
942 ## - ADDED ENTRY ELEMENTS (KOHA)
-- dc
Koha item type Book
Holdings
Withdrawn Not for loan Current library Shelving location Date acquired Total Checkouts Full call number Barcode Date last seen Date last checked out Koha item type
    Perpustakaan Alor Setar Pinjaman Dewasa 04/01/2000 2 332.6 CAE A00883755 22/11/2020 22/11/2020 Book
    Perpustakaan Awam Sungai Petani Pinjaman Dewasa 04/01/2000   332.6 CAE A00883758 31/05/2018   Book
    Perpustakaan Kulim Pinjaman Dewasa 04/01/2000   332.6 CAE A00883761 31/05/2018   Book